সৃষ্টি-তত্ত্ব : সৃষ্টির মূলে প্রেম / (Record no. 31785)

MARC details
000 -LEADER
fixed length control field 01544nam a22002057a 4500
003 - CONTROL NUMBER IDENTIFIER
control field BDDh-ASL
005 - DATE AND TIME OF LATEST TRANSACTION
control field 20231015031319.0
008 - FIXED-LENGTH DATA ELEMENTS--GENERAL INFORMATION
fixed length control field 230407s1949 i ||||| |||| 00| 0 b d
040 ## - CATALOGING SOURCE
Original cataloging agency BDDh-ASL
Transcribing agency BDDh-ASL
041 ## - LANGUAGE CODE
Language code of text/sound track or separate title ben
082 ## - DEWEY DECIMAL CLASSIFICATION NUMBER
Classification number 297.24201
Item number ULS
100 1# - MAIN ENTRY--PERSONAL NAME
Personal name উল্লা, খান বাহাদুল আহছান
Titles and words associated with a name আল্হজ
9 (RLIN) 7935
245 10 - TITLE STATEMENT
Title সৃষ্টি-তত্ত্ব : সৃষ্টির মূলে প্রেম /
246 ## - VARYING FORM OF TITLE
Title proper/short title Sristy-Tatta : Sristir Mule Prem.
260 ## - PUBLICATION, DISTRIBUTION, ETC.
Place of publication, distribution, etc. কলিকাতা :
Name of publisher, distributor, etc. মুখ্দুমী লাইব্রেরী এণ্ড আহ্ছান উল্লা বুক হাউস,
Date of publication, distribution, etc. 1949.
300 ## - PHYSICAL DESCRIPTION
Extent 52 p. :
Dimensions 19 cm.
650 #0 - SUBJECT ADDED ENTRY--TOPICAL TERM
Topical term or geographic name entry element Sufism, ˈso͞ofˌizəm, সুফিবাদ, Suphibāda, রহস্যবাদ, obscurantism, সুফি-পীর-দরবেশ, Suphi-pīra-darabēśa, Sufi-pir-dervish, পীর-দরবেশ, Pīra-darabēśa, Peer-Darbesh, ওলী-আউলিয়ার, Ōlī-ā'uliẏāra, Oli-Auliar, yogi, ˈyōɡē, যোগী, Yōgī, সন্ন্যাসী, Sann'yāsī, monastic, ভিক্ষু, ধর্মার্থ মঠবাসী ব্যক্তি, recluse, monk, নির্জনবাসী ব্যক্তি, saint, sānt, সাধু, Sādhu, সন্ত, patron saint
9 (RLIN) 2764
650 #0 - SUBJECT ADDED ENTRY--TOPICAL TERM
Topical term or geographic name entry element ইসলাম ধর্ম , Isalāma dharma, Islam, Religion, Mohammedism, Mohammadan, Mohammedan, Muhammadan, Islamic Relition, Peace
9 (RLIN) 747
942 ## - ADDED ENTRY ELEMENTS (KOHA)
Source of classification or shelving scheme Dewey Decimal Classification
Koha item type Books
Holdings
Withdrawn status Lost status Source of classification or shelving scheme Damaged status Not for loan Collection code Home library Current library Shelving location Date acquired Source of acquisition Total Checkouts Full call number Barcode Date last seen Copy number Price effective from Koha item type Public note
    Dewey Decimal Classification     Non-fiction Asiatic Society Library Asiatic Society Library General Stacks 04/07/2023 Donated by Prof. Dr. M. Abdul Qayyum & Dr. Razia Sultana   297.24201 ULS 120524 04/07/2023 C-1 04/07/2023 Books Y-1949

Powered by Koha